मरणकळा (Record no. 460937)

MARC details
000 -LEADER
fixed length control field 00428nam a2200145Ia 4500
008 - FIXED-LENGTH DATA ELEMENTS--GENERAL INFORMATION
fixed length control field 100204s9999 xx 000 0 und d
082 ## - DEWEY DECIMAL CLASSIFICATION NUMBER
Item number 16514
100 ## - MAIN ENTRY--PERSONAL NAME
Personal name सवाखंडे द. शि.
245 ## - TITLE STATEMENT
Title मरणकळा
260 ## - PUBLICATION, DISTRIBUTION, ETC. (IMPRINT)
Name of publisher, distributor, etc "चेतश्री प्रकाशन , अमळनेर"
Date of publication, distribution, etc 1993
300 ## - PHYSICAL DESCRIPTION
Extent 178
630 ## - SUBJECT ADDED ENTRY--UNIFORM TITLE
Uniform title मरणकळा
730 ## - ADDED ENTRY--UNIFORM TITLE
Uniform title मरणकळा
942 ## - ADDED ENTRY ELEMENTS (KOHA)
Koha item type Book
Holdings
Withdrawn status Lost status Damaged status Not for loan Home library Current library Date acquired Cost, normal purchase price Total Checkouts Full call number Barcode Date last seen Cost, replacement price Price effective from Koha item type
        N. C. Kelkar Sarvajanik Library, Mulund N. C. Kelkar Sarvajanik Library, Mulund 02/04/2010 40.00   16514 NCKMULUND-16514 02/04/2010 40.00 02/04/2010 Book